00529cam a22001812 4500001001100000005001700011008004100028020001700069040001500086050002400101100004100125245007200166250001200238260004500250300001100295650003800306852000300344000001355020151217145902.0090923s xx 000 0 eng d a0132048491 : aKABUcKABU 0aQD151.2b.H682 20081 aHousecroft, Catherine E.@000015415910aInorganic chemistry :bsolutions manual /cCatherine E. Housecroft. a3rd ed. aHarlow, England :bPearson Educ.,c2008. a358 p. 0aChemistry, Inorganic.@00001541481